[Event "Yerevan op"]
[Site "?"]
[Date "1996.??.??"]
[Round "5"]
[White "Kuzmin Alexey"]
[Black "Bagaturov Giorgi"]
[Result "1-0"]
[WhiteElo "2530"]
[BlackElo "2460"]
[PlyCount "101"]
[EventDate "1996.??.??"]
[Source "www.chesslib.no"]
[SourceDate "2004.05.04"]

1. d4 Nf6 2. c4 g6 3. Nc3 Bg7 4. e4 d6 5. f3 O-O 6. Be3 b6 7. Nge2 c5 8. d5 e6 9. Ng3 exd5 10. cxd5 a6 11. a4 h5 12. Be2 h4 13. Nf1 Nh7 14. Nd2 Nd7 15. Nc4 Ne5 16. O-O f5 17. Qd2 Ra7 18. exf5 gxf5 19. Nxe5 Bxe5 20. f4 Bf6 21. Bf2 Kh8 22. Rfe1 Rg8 23. Bf1 Rag7 24. Kh1 Nf8 25. Rab1 Ng6 26. Re6 h3 27. Ree1 hxg2+ 28. Bxg2 Nh4 29. Bxh4 Bxh4 30. Re2 Bf6 31. Bf3 Bd4 32. Rg2 Qh4 33. Rf1 Qh3 34. Qe2 Bd7 35. Rxg7 Rxg7 36. Bg2 Qh4 37. Qxa6 Rh7 38. h3 Re7 39. Ne2 Bxb2 40. Ng1 Rg7 41. Qxb6 Bf6 42. Qxd6 c4 43. Nf3 Qh6 44. a5 Qg6 45. Ng5 c3 46. Rc1 Ba4 47. a6 Rg8 48. a7 Qg7 49. Qb8 Bxg5 50. fxg5 Qxg5 51. Qxg8+ 1-0

[Event "Manila zt 3.2a"]
[Site "Manila"]
[Date "2001.04.29"]
[Round "8"]
[White "Nguyen Anh Dung"]
[Black "Ranola, Yves"]
[Result "1-0"]
[WhiteElo "2557"]
[BlackElo "2422"]
[PlyCount "69"]
[EventDate "2001.04.24"]
[Source "ChessBase"]
[SourceDate "2001.07.05"]

1. d4 Nf6 2. c4 g6 3. Nc3 Bg7 4. e4 d6 5. f3 O-O 6. Be3 c5 7. Nge2 Nc6 8. Qd2 b6 9. Rd1 Ba6 10. d5 Ne5 11. b3 e6 12. Nf4 exd5 13. Nfxd5 Nxd5 14. Nxd5 f5 15. exf5 Rxf5 16. Be2 Nc6 17. O-O Nd4 18. Bd3 Rf7 19. Rde1 Bb7 20. Bg5 Qd7 21. Re7 Rxe7 22. Nxe7+ Kh8 23. Qf4 Qe6 24. Qh4 Nf5 25. Nxf5 gxf5 26. Re1 Qg6 27. Re7 Bc6 28. Kf1 h6 29. Bd2 Re8 30. Rxe8+ Bxe8 31. Qd8 Bd4 32. g4 Qf7 33. Bxf5 Kg7 34. h4 b5 35. Bxh6+ 1-0

[Event "Baku AZE"]
[Site "Baku AZE"]
[Date "1977.??.??"]
[Round "17"]
[White "Grigoryan, Karen A"]
[Black "Rashkovsky, Nukhim N"]
[Result "1/2-1/2"]
[WhiteElo "2465"]
[BlackElo "2510"]
[PlyCount "81"]
[EventDate "1977.??.??"]
[Source "www.chesslib.no"]
[SourceDate "2004.05.04"]

1. c4 Nf6 2. Nc3 g6 3. d4 Bg7 4. e4 d6 5. f3 O-O 6. Be3 b6 7. Qd2 c5 8. Nge2 Nc6 9. d5 Na5 10. Ng3 e6 11. Be2 exd5 12. exd5 Ne8 13. O-O f5 14. Rad1 a6 15. Bg5 Bf6 16. Bxf6 Qxf6 17. f4 Nb7 18. Nh1 Bd7 19. a4 Nc7 20. Nf2 Rab8 21. Rfe1 Rfe8 22. Bf1 Rxe1 23. Rxe1 Re8 24. Rxe8+ Nxe8 25. b3 Qe7 26. Bd3 Nf6 27. Qe2 Qxe2 28. Bxe2 Kf8 29. g3 Ke7 30. Kg2 h6 31. Nfd1 Kf8 32. Bd3 Nd8 33. Ne3 Nb7 34. h3 Kg7 35. Bc2 Nd8 36. Kf3 h5 37. Bd3 Nb7 38. Bc2 Nd8 39. Bd3 Nb7 40. Bc2 Nd8 41. Bd3 1/2-1/2

[Event "Yerevan"]
[Site "Erevan ARM"]
[Date "1976.??.??"]
[Round "?"]
[White "Tukmakov, Vladimir B"]
[Black "Schmidt, Wlodzimierz"]
[Result "1/2-1/2"]
[WhiteElo "2490"]
[BlackElo "2485"]
[PlyCount "64"]
[EventDate "1976.??.??"]
[Source "www.chesslib.no"]
[SourceDate "2004.05.04"]

1. c4 g6 2. e4 Bg7 3. d4 d6 4. Nc3 Nf6 5. f3 O-O 6. Be3 b6 7. Bd3 a6 8. Nge2 c5 9. e5 Nfd7 10. exd6 exd6 11. Qd2 Nc6 12. Be4 Bb7 13. O-O Nf6 14. Bc2 cxd4 15. Nxd4 Ne5 16. b3 d5 17. Nxd5 Nxd5 18. cxd5 Bxd5 19. Rad1 Bb7 20. Bh6 Bxh6 21. Qxh6 Qf6 22. Nf5 Rad8 23. Ng3 Rxd1 24. Rxd1 Rd8 25. Rxd8+ Qxd8 26. Qe3 Qc7 27. Be4 Bxe4 28. Nxe4 Qd8 29. Qc3 f6 30. h3 Kg7 31. Nf2 h5 32. h4 a5 1/2-1/2

[Event "URS-FL"]
[Site "Baku"]
[Date "1977.??.??"]
[Round "17"]
[White "Grigorian, Karen Ashotovich"]
[Black "Rashkovsky, Nukhim N"]
[Result "1/2-1/2"]
[WhiteElo "2465"]
[BlackElo "2510"]
[PlyCount "63"]
[EventDate "1977.??.??"]
[Source "ChessBase"]

1. c4 Nf6 2. Nc3 g6 3. d4 Bg7 4. e4 d6 5. f3 O-O 6. Be3 b6 7. Qd2 c5 8. Nge2 Nc6 9. d5 Ne5 10. Ng3 e6 11. Be2 exd5 12. exd5 Ne8 13. O-O f5 14. Rad1 a6 15. Bg5 Bf6 16. Bxf6 Qxf6 17. f4 Nd7 18. Nh1 Bb7 19. a4 Nc7 20. Nf2 Rab8 21. Rfe1 Rfe8 22. Bf1 Rxe1 23. Rxe1 Re8 24. Rxe8+ Nxe8 25. b3 Qe7 26. Bd3 Nef6 27. Qe2 Qxe2 28. Bxe2 Kf8 29. g3 Ke7 30. Kg2 h6 31. Nfd1 Kf8 32. Bd3 1/2-1/2

[Event "Zenica"]
[Site "Zenica BIH"]
[Date "1989.??.??"]
[Round "3"]
[White "Renet, Olivier"]
[Black "Vukic, Milan"]
[Result "1/2-1/2"]
[WhiteElo "2480"]
[BlackElo "2495"]
[PlyCount "77"]
[EventDate "1989.04.??"]
[Source "www.chesslib.no"]
[SourceDate "2004.05.04"]

1. c4 Nf6 2. Nc3 g6 3. e4 d6 4. d4 Bg7 5. f3 O-O 6. Be3 b6 7. Bd3 a6 8. Nge2 c5 9. O-O Nc6 10. d5 Ne5 11. Bg5 h6 12. Bh4 g5 13. Bg3 Nh5 14. Bf2 e6 15. Rb1 exd5 16. cxd5 f5 17. exf5 Nxd3 18. Qxd3 Bxf5 19. Ne4 Qe7 20. N2g3 Nf4 21. Qd2 Bg6 22. Rfe1 Qc7 23. Ne2 Bxe4 24. fxe4 Nxe2+ 25. Rxe2 Be5 26. Bg3 Qg7 27. Bxe5 Qxe5 28. Qc3 Rae8 29. Qxe5 Rxe5 30. b4 c4 31. b5 axb5 32. Rxb5 Rfe8 33. Rc2 Rxe4 34. Rxb6 Rf8 35. h3 Rf6 36. a4 Rd4 37. a5 Rd1+ 38. Kh2 Rxd5 39. Rxc4 1/2-1/2

[Event "Amber-blind 2nd"]
[Site "Monte Carlo"]
[Date "1993.??.??"]
[Round "6"]
[White "Karpov, Anatoly"]
[Black "Piket, Jeroen"]
[Result "1-0"]
[WhiteElo "2725"]
[BlackElo "2245"]
[PlyCount "77"]
[EventDate "1993.03.??"]
[Source "ChessBase"]

1. d4 Nf6 2. c4 g6 3. Nc3 Bg7 4. e4 d6 5. f3 O-O 6. Be3 b6 7. Qd2 c5 8. d5 Re8 9. Rd1 a6 10. a4 Ra7 11. Bg5 e6 12. dxe6 Bxe6 13. Bd3 Nc6 14. Nge2 Na5 15. Nd5 Bxd5 16. cxd5 h6 17. Bf4 Nxd5 18. exd5 Nb3 19. Qc2 Nd4 20. Qb1 Qf6 21. Bg3 Rae7 22. Be4 Qg5 23. Rxd4 cxd4 24. h4 Qe3 25. Bf2 Qb3 26. O-O f5 27. Bc2 Qxd5 28. Nf4 Qf7 29. Qd1 Kh7 30. Bb3 Qf8 31. h5 gxh5 32. Nxh5 Re2 33. Bc2 d3 34. Qxd3 R8e5 35. Ng3 Rxc2 36. Qxc2 Qe8 37. Rd1 Qg6 38. f4 Re6 39. Qxf5 1-0

[Event "Helsinki op"]
[Site "Helsinki"]
[Date "1992.??.??"]
[Round "5"]
[White "Vyzmanavin, Alexey"]
[Black "Pyhala, Antti"]
[Result "1-0"]
[WhiteElo "2580"]
[BlackElo "2390"]
[PlyCount "80"]
[EventDate "1992.09.??"]
[Source "ChessBase"]

1. d4 Nf6 2. c4 g6 3. Nc3 Bg7 4. e4 d6 5. f3 O-O 6. Be3 b6 7. Bd3 a6 8. Nge2 c5 9. d5 e6 10. O-O e5 11. Qd2 Ne8 12. g4 f5 13. exf5 gxf5 14. gxf5 b5 15. cxb5 axb5 16. Bxb5 Bxf5 17. Ng3 Bh3 18. Rf2 Nd7 19. Kh1 Nb6 20. Rg1 Kh8 21. Bd3 Ra7 22. Nge4 Bf6 23. Rg3 Bc8 24. Bh6 Rg8 25. Rxg8+ Kxg8 26. Rg2+ Kh8 27. Ng5 Ng7 28. Nxh7 Nf5 29. Nxf6 Qxf6 30. Bg5 Qf8 31. f4 Rg7 32. fxe5 dxe5 33. Qe2 c4 34. Bc2 Bb7 35. Be4 Qf7 36. Qf2 Nxd5 37. Nxd5 Bxd5 38. Bxd5 Qxd5 39. Bf6 Kg8 40. Bxg7 Qd1+ 1-0

[Event "Dresden op"]
[Site "Dresden"]
[Date "1998.08.20"]
[Round "5"]
[White "Bischoff, Klaus"]
[Black "Polzin, Rainer"]
[Result "1/2-1/2"]
[WhiteElo "2550"]
[BlackElo "2420"]
[PlyCount "37"]
[EventDate "1998.08.??"]
[Source "www.chesslib.no"]
[SourceDate "2004.05.04"]

1. c4 Nf6 2. Nc3 g6 3. e4 d6 4. d4 Bg7 5. f3 O-O 6. Be3 b6 7. Qd2 c5 8. Nge2 Nc6 9. d5 Ne5 10. Ng3 h5 11. Be2 e6 12. O-O exd5 13. cxd5 a6 14. a4 Nh7 15. Rab1 h4 16. Nh1 f5 17. Nf2 fxe4 18. Nfxe4 Bf5 19. Rbe1 1/2-1/2

[Event "Lone Pine"]
[Site "Lone Pine"]
[Date "1977.??.??"]
[Round "7"]
[White "Browne, Walter S"]
[Black "Grefe, John A"]
[Result "1-0"]
[WhiteElo "2545"]
[BlackElo "2425"]
[PlyCount "77"]
[EventDate "1977.03.??"]
[Source "ChessBase"]

1. d4 Nf6 2. c4 g6 3. Nc3 Bg7 4. e4 d6 5. f3 O-O 6. Be3 b6 7. Bd3 Bb7 8. Nge2 c5 9. d5 Nbd7 10. Bc2 Ne5 11. b3 e6 12. O-O exd5 13. exd5 a6 14. a4 Ne8 15. Qd2 Nc7 16. Bg5 f6 17. Bh4 Qd7 18. f4 Ng4 19. h3 Nh6 20. f5 g5 21. Bg3 Nf7 22. Bh2 Rae8 23. Ng3 Ne5 24. Bd1 Re7 25. Be2 a5 26. Rae1 Qd8 27. Nge4 Ba6 28. h4 h6 29. Bh5 Ne8 30. Nf2 Bc8 31. Qc2 Bh8 32. Bxe5 fxe5 33. Ng4 Rf6 34. Ne4 gxh4 35. Qf2 Kh7 36. Bg6+ Rxg6 37. fxg6+ Kxg6 38. Qxh4 Bg7 39. Ngf6 1-0

[Event "Volmac-Baldwin/BSG"]
[Site "Volmac-Baldwin/BSG"]
[Date "1991.??.??"]
[Round "?"]
[White "Piket, Jeroen"]
[Black "Pieterse, Gert"]
[Result "1-0"]
[WhiteElo "2550"]
[BlackElo "2415"]
[PlyCount "43"]
[EventDate "1991.??.??"]
[Source "www.chesslib.no"]
[SourceDate "2004.05.04"]

1. d4 Nf6 2. c4 g6 3. Nc3 Bg7 4. e4 d6 5. f3 O-O 6. Be3 c5 7. Nge2 Nc6 8. Qd2 b6 9. d5 Ne5 10. Ng3 h5 11. Be2 e6 12. Bg5 Qc7 13. f4 Ned7 14. Nb5 Qb8 15. dxe6 fxe6 16. Nxd6 e5 17. f5 Rd8 18. O-O Nf8 19. Rad1 gxf5 20. Bxf6 Bxf6 21. Nxh5 Rxd6 22. Qh6 1-0

[Event "Trnava"]
[Site "Trnava"]
[Date "1983.??.??"]
[Round "?"]
[White "Groszpeter, Attila"]
[Black "Schmidt, Wlodzimierz"]
[Result "1/2-1/2"]
[WhiteElo "2505"]
[BlackElo "2450"]
[PlyCount "37"]
[EventDate "1983.03.??"]
[Source "ChessBase"]

1. d4 Nf6 2. c4 g6 3. Nc3 Bg7 4. e4 d6 5. f3 O-O 6. Be3 b6 7. Bd3 a6 8. Nge2 c5 9. e5 Nfd7 10. exd6 cxd4 11. Bxd4 Bxd4 12. Nxd4 Nc5 13. Be4 Nxe4 14. Nxe4 Bb7 15. Qc2 e5 16. Nb3 f5 17. Nc3 Qxd6 18. O-O Qc7 19. Qe2 1/2-1/2

[Event "Clarin GP1 Boca Juniors"]
[Site "Boca"]
[Date "1997.??.??"]
[Round "4"]
[White "Bronstein, Luis Marcos"]
[Black "Zarnicki, Pablo"]
[Result "0-1"]
[WhiteElo "2395"]
[BlackElo "2560"]
[PlyCount "89"]
[EventDate "1997.04.26"]
[Source "ChessBase"]
[SourceDate "1997.07.29"]

1. c4 Nf6 2. Nc3 g6 3. d4 Bg7 4. e4 d6 5. f3 O-O 6. Be3 b6 7. Bd3 Nfd7 8. Qd2 c5 9. Nge2 Nc6 10. d5 Nce5 11. b3 b5 12. cxb5 a6 13. b6 Nxd3+ 14. Qxd3 a5 15. Rc1 Ba6 16. Qd2 Qxb6 17. O-O Ne5 18. Rfd1 Rfc8 19. Kh1 Qb4 20. h3 c4 21. Rb1 cxb3 22. Rxb3 Nc4 23. Qc1 Nxe3 24. Qxe3 Qc5 25. Qxc5 Rxc5 26. Nd4 Rac8 27. Nc6 Bxc3 28. Nxe7+ Kg7 29. Nxc8 Bxc8 30. f4 Kf6 31. Rd3 Bb4 32. a3 Rc1+ 33. Kh2 Bc5 34. Rdc3 Rxc3 35. Rxc3 Ba6 36. g4 a4 37. Kg3 Be2 38. e5+ Ke7 39. f5 f6 40. fxg6 hxg6 41. e6 g5 42. h4 gxh4+ 43. Kxh4 Bd1 44. g5 fxg5+ 45. Kxg5 0-1

[Event "Araraqua tt"]
[Site "Araraqua"]
[Date "1999.??.??"]
[Round "1"]
[White "Sunye Neto, Jaime"]
[Black "Braga, Cicero"]
[Result "1/2-1/2"]
[WhiteElo "2546"]
[BlackElo "2405"]
[PlyCount "32"]
[EventDate "1999.??.??"]
[Source "www.chesslib.no"]
[SourceDate "2004.05.04"]

1. c4 g6 2. Nc3 Bg7 3. d4 Nf6 4. e4 d6 5. f3 O-O 6. Be3 b6 7. Nge2 c5 8. d5 e6 9. Ng3 exd5 10. cxd5 Ba6 11. Bxa6 Nxa6 12. O-O Nc7 13. Qd2 Re8 14. a3 Nd7 15. Rad1 Ne5 16. Bf4 Nc4 1/2-1/2

[Event "Compack"]
[Site "Budapest HUN"]
[Date "1988.??.??"]
[Round "?"]
[White "Reeh, Oliver"]
[Black "Hellers, Ferdinand"]
[Result "1/2-1/2"]
[WhiteElo "2460"]
[BlackElo "2490"]
[PlyCount "128"]
[EventDate "1988.10.??"]
[Source "www.chesslib.no"]
[SourceDate "2004.05.04"]

1. d4 Nf6 2. c4 g6 3. Nc3 Bg7 4. e4 d6 5. f3 O-O 6. Be3 b6 7. Bd3 a6 8. Nge2 c5 9. d5 Nbd7 10. f4 e6 11. dxe6 fxe6 12. O-O Bb7 13. Ng3 Qe7 14. Be2 d5 15. e5 d4 16. exf6 Nxf6 17. Bd2 dxc3 18. Bxc3 Ne4 19. Nxe4 Bxe4 20. Qe1 e5 21. fxe5 Bxe5 22. Bf3 Bxc3 23. Qxc3 Bxf3 24. Rxf3 Rxf3 25. Qxf3 Rf8 26. Qd5+ Kg7 27. Qd2 Rd8 28. Qc3+ Qf6 29. Qxf6+ Kxf6 30. Rf1+ Kg5 31. g3 Rd4 32. b3 Kg4 33. Kg2 Rd2+ 34. Rf2 Rxf2+ 35. Kxf2 Kh3 36. Kg1 g5 37. Kh1 h5 38. Kg1 h4 39. gxh4 gxh4 40. Kh1 b5 41. Kg1 b4 42. Kh1 Kg4 43. Kg2 h3+ 44. Kg1 Kf3 45. Kf1 Ke3 46. Ke1 Kd3 47. Kd1 a5 48. Kc1 a4 49. bxa4 Kxc4 50. Kc2 Kd5 51. Kb3 c4+ 52. Kxb4 Kd4 53. a5 c3 54. Kb3 Kd3 55. a6 c2 56. a7 c1=Q 57. a8=Q Qc2+ 58. Ka3 Qxh2 59. Qd5+ Ke3 60. Qb3+ Kf2 61. Qc2+ Kg3 62. Qc7+ Kg2 63. Qc6+ Kg1 64. Qc1+ Kg2 1/2-1/2

[Event "Hartberg Open"]
[Site "Hartberg AUT"]
[Date "1991.??.??"]
[Round "4"]
[White "Gofshtein, Zeev-Alon"]
[Black "Vukic, Milan"]
[Result "0-1"]
[WhiteElo "2440"]
[BlackElo "2500"]
[PlyCount "100"]
[EventDate "1991.07.??"]
[Source "www.chesslib.no"]
[SourceDate "2004.05.04"]

1. d4 Nf6 2. c4 g6 3. Nc3 Bg7 4. e4 d6 5. f3 O-O 6. Be3 b6 7. Qd2 c5 8. Nge2 Nc6 9. d5 Ne5 10. Ng3 e6 11. Be2 exd5 12. cxd5 a6 13. a4 h5 14. O-O h4 15. Nh1 Nh7 16. Nf2 f5 17. f4 Nf7 18. Bd3 Ra7 19. Rab1 Nh6 20. e5 dxe5 21. fxe5 g5 22. e6 f4 23. Bxh7+ Kxh7 24. Qc2+ Kg8 25. Bd2 Nf5 26. b4 Bxc3 27. Bxc3 Qxd5 28. Ng4 Qxe6 29. Rbe1 Qd6 30. Re5 cxb4 31. Rd1 Qc6 32. Qa2+ Kh7 33. Bxb4 Rff7 34. Qb2 h3 35. Red5 Rfc7 36. Ne5 Qc2 37. Rd7+ Bxd7 38. Rxd7+ Kg8 39. Qxc2 Rxc2 40. Rxa7 Rxg2+ 41. Kh1 Rb2 42. Kg1 Rxb4 43. Rxa6 Nh4 44. a5 bxa5 45. Ng4 Rb1+ 46. Kf2 Rb2+ 47. Kf1 Nf3 48. Rxa5 Kg7 49. Ra7+ Kg6 50. Ra6+ Kh5 0-1

[Event "Moscow-ch"]
[Site "Moscow"]
[Date "1999.??.??"]
[Round "9"]
[White "Novichkov, Vadim"]
[Black "Shchekachev, Andrei"]
[Result "0-1"]
[WhiteElo "2420"]
[BlackElo "2512"]
[PlyCount "102"]
[EventDate "1999.??.??"]
[Source "www.chesslib.no"]
[SourceDate "2004.05.04"]

1. d4 Nf6 2. c4 g6 3. Nc3 Bg7 4. e4 d6 5. f3 O-O 6. Be3 c5 7. Nge2 Nc6 8. Qd2 b6 9. Rd1 e6 10. d5 Ne5 11. b3 Ne8 12. Nf4 a6 13. a4 Qh4+ 14. Bf2 Qe7 15. Be2 Nd7 16. O-O Bd4 17. Bd3 Bxf2+ 18. Rxf2 e5 19. Nfe2 Ng7 20. a5 bxa5 21. Ra1 f5 22. exf5 gxf5 23. Rxa5 Nf6 24. Bc2 Ngh5 25. Nd1 f4 26. Ndc3 Kh8 27. Ne4 Nxe4 28. Bxe4 Rb8 29. Qc3 Rg8 30. Nc1 Qh4 31. Rxc5 dxc5 32. Qxe5+ Qf6 33. Qxb8 Qa1 34. Qc7 Qxc1+ 35. Rf1 Qe3+ 36. Kh1 Ng7 37. Qd6 Bf5 38. Bxf5 Nxf5 39. Qf6+ Ng7 40. Qxa6 Qxb3 41. Rg1 Qc3 42. d6 Qd4 43. Qc6 Rd8 44. g3 Rxd6 45. Qb7 Rd7 46. Qc6 Qd6 47. Qa8+ Rd8 48. Qb7 Ne6 49. Qf7 Rf8 50. Qh5 fxg3 51. hxg3 Nd4 0-1

[Event "It"]
[Site "Sao Paulo BRA"]
[Date "1979.??.??"]
[Round "12"]
[White "Gheorghiu, Florin"]
[Black "Braga, Cicero"]
[Result "1/2-1/2"]
[WhiteElo "2540"]
[BlackElo "2390"]
[PlyCount "83"]
[EventDate "1979.??.??"]
[Source "www.chesslib.no"]
[SourceDate "2004.05.04"]

1. d4 Nf6 2. c4 g6 3. Nc3 Bg7 4. e4 d6 5. f3 O-O 6. Be3 b6 7. Bd3 a6 8. Nge2 c5 9. e5 Ne8 10. Be4 Ra7 11. dxc5 bxc5 12. Bxc5 Rd7 13. Be3 Bxe5 14. Qb3 d5 15. cxd5 Rb7 16. Qc2 Nd6 17. Bd3 Bf5 18. Bxf5 Nxf5 19. Bf2 Nd7 20. Qd2 Qb8 21. b3 Rc8 22. Rc1 Rbc7 23. g4 Rxc3 24. Rxc3 Bxc3 25. Nxc3 Ne5 26. Ke2 Qb4 27. Rc1 Nd6 28. Bd4 Nd7 29. Kd1 f6 30. Ne4 Rxc1+ 31. Kxc1 Qb5 32. Nc3 Qb4 33. Qe3 Kf8 34. Kc2 Nb5 35. Nxb5 Qxb5 36. Qe4 Nc5 37. Bxc5 Qxc5+ 38. Kd3 Qg1 39. Qe2 Qc5 40. Qe4 Qg1 41. Qe2 Qc5 42. Qe4 1/2-1/2

[Event "New York op"]
[Site "New York"]
[Date "1987.??.??"]
[Round "?"]
[White "Zaltsman, Vitaly F"]
[Black "Cvitan, Ognjen"]
[Result "0-1"]
[WhiteElo "2430"]
[BlackElo "2500"]
[PlyCount "134"]
[EventDate "1987.04.??"]
[Source "ChessBase"]

1. d4 Nf6 2. c4 g6 3. Nc3 Bg7 4. e4 d6 5. f3 O-O 6. Be3 b6 7. Bd3 Nfd7 8. Nge2 c5 9. Bc2 Nc6 10. d5 Nb4 11. Bb3 Rb8 12. O-O Na6 13. Qd2 Nc7 14. Bh6 b5 15. Bxg7 Kxg7 16. f4 Ba6 17. cxb5 Nxb5 18. Rf2 Qa5 19. h3 Nxc3 20. Qxc3+ Qxc3 21. Nxc3 c4 22. Ba4 Nc5 23. b3 Rfc8 24. Rf3 f6 25. Bc6 Rb4 26. bxc4 Bxc4 27. e5 fxe5 28. fxe5 dxe5 29. Re1 Rf8 30. Rxf8 Kxf8 31. Rxe5 Rb2 32. a4 a6 33. Re1 Bd3 34. Rc1 Kg7 35. a5 Kf6 36. Re1 Rc2 37. d6 exd6 38. Nd5+ Kg5 39. Nc7 Nb3 40. Ne6+ Kf6 41. Bd5 Nc5 42. Nc7 Re2 43. Rd1 Ke5 44. Kh2 Kd4 45. Bf3 Ra2 46. Ne8 Rxa5 47. Nxd6 Ra2 48. Kg3 Rb2 49. Kf4 Rb8 50. Be2 Rb1 51. Rxb1 Bxb1 52. Kg5 Bd3 53. Bd1 a5 54. Kh6 Kc3 55. Kxh7 Kd2 56. Ba4 Nxa4 57. Nb7 Be4 58. Nxa5 Kc3 59. g4 Nc5 60. Nc6 Bxc6 61. Kxg6 Kd4 62. h4 Ke5 63. g5 Be8+ 64. Kh6 Kf5 65. h5 Ne4 66. g6 Kf6 67. g7 Bf7 0-1

[Event "AUT-chT2O 9900"]
[Site "AUT"]
[Date "2000.??.??"]
[Round "?"]
[White "Varga, Zoltan"]
[Black "Alvir, Aco"]
[Result "1/2-1/2"]
[WhiteElo "2518"]
[BlackElo "2408"]
[PlyCount "64"]
[EventDate "1999.??.??"]
[Source "www.chesslib.no"]
[SourceDate "2004.05.04"]

1. e4 g6 2. d4 Bg7 3. c4 d6 4. Nc3 Nf6 5. f3 O-O 6. Be3 b6 7. Qd2 c5 8. Rd1 cxd4 9. Bxd4 Nc6 10. Be3 Be6 11. b3 Rc8 12. Nge2 Re8 13. Nf4 Bd7 14. Bd3 Qc7 15. O-O Qb8 16. Rc1 e6 17. Rfd1 Red8 18. Bf1 Be8 19. g4 Bf8 20. Qf2 Ne5 21. Nfe2 d5 22. exd5 Nexg4 23. fxg4 Nxg4 24. Qf4 Nxe3 25. Qxe3 Bc5 26. Nd4 e5 27. Nce2 Bd7 28. Qg3 exd4 29. Nxd4 Qxg3+ 30. hxg3 Bg4 31. Rd3 Bf5 32. Rdd1 Bg4 1/2-1/2

[Event "RUS-Cup9"]
[Site "Novgorod"]
[Date "1997.??.??"]
[Round "4"]
[White "Razuvaev, Yuri S"]
[Black "Khatov, Anton"]
[Result "1-0"]
[WhiteElo "2565"]
[BlackElo "2360"]
[PlyCount "81"]
[EventDate "1997.06.11"]
[Source "ChessBase"]
[SourceDate "1997.10.13"]

1. d4 Nf6 2. c4 g6 3. Nc3 Bg7 4. e4 d6 5. f3 O-O 6. Be3 b6 7. Nge2 c5 8. d5 e6 9. Ng3 exd5 10. cxd5 a6 11. Be2 Nbd7 12. Qd2 Re8 13. Bh6 Bh8 14. a4 Ne5 15. O-O Qc7 16. b3 Ra7 17. h3 Bg7 18. Bxg7 Kxg7 19. f4 Ned7 20. Bc4 Ng8 21. e5 dxe5 22. f5 Ndf6 23. Rae1 Qd8 24. Qg5 h6 25. Qe3 Rd7 26. Rd1 Bb7 27. Qf3 g5 28. Rd2 Qa8 29. Nge4 Red8 30. Rfd1 Kf8 31. Qg3 Qb8 32. h4 g4 33. Qe3 Kg7 34. Rd3 Re8 35. Qg3 Qd8 36. Re3 Nxe4 37. Qxg4+ Ng5 38. hxg5 Qxg5 39. Qh3 Kf8 40. Ne4 Qg7 41. f6 1-0

[Event "RUS-Cup6"]
[Site "Krasnodar"]
[Date "1997.??.??"]
[Round "5"]
[White "Volzhin, Alexander"]
[Black "Alexikov, Alexander"]
[Result "1-0"]
[WhiteElo "2505"]
[BlackElo "2420"]
[PlyCount "61"]
[EventDate "1997.03.11"]
[Source "www.chesslib.no"]
[SourceDate "2004.05.04"]

1. d4 Nf6 2. c4 g6 3. Nc3 Bg7 4. e4 d6 5. f3 O-O 6. Be3 b6 7. Bd3 a6 8. Nge2 c5 9. e5 Ne8 10. Be4 Ra7 11. dxc5 bxc5 12. Bxc5 Rd7 13. e6 fxe6 14. Bf2 Nf6 15. Bc2 e5 16. O-O Rb7 17. Bb3 Be6 18. Nd5 Kh8 19. Rc1 a5 20. Qd2 Na6 21. Nxf6 Bxf6 22. Rfd1 Rb4 23. Nc3 Rb8 24. Ne4 Bg7 25. c5 Bxb3 26. axb3 Rxb3 27. cxd6 exd6 28. Rc6 Qa8 29. Qxd6 Nb4 30. Rc7 Rxb2 31. Rxg7 1-0

[Event "DSV-Turnier"]
[Site "Halle"]
[Date "1976.??.??"]
[Round "?"]
[White "Knaak, Rainer"]
[Black "Rodriguez Cespedes, Amador"]
[Result "1-0"]
[WhiteElo "2520"]
[BlackElo "2405"]
[PlyCount "65"]
[EventDate "1976.11.??"]
[Source "ChessBase"]

1. d4 Nf6 2. c4 g6 3. Nc3 Bg7 4. e4 d6 5. f3 O-O 6. Be3 b6 7. Bd3 a6 8. Nge2 c5 9. e5 Ne8 10. Be4 Ra7 11. dxc5 bxc5 12. Bxc5 Rd7 13. Qb3 dxc5 14. Qxb8 Nc7 15. f4 Ne6 16. O-O Nd4 17. Nxd4 Rxd4 18. Qa7 Rxe4 19. Nxe4 Qd4+ 20. Nf2 Qxf4 21. Qxc5 Bxe5 22. g3 Qf6 23. Rad1 Bxb2 24. Ng4 Qg7 25. Ne3 e5 26. Nd5 Bh3 27. Nf6+ Kh8 28. Rf2 Bd4 29. Rxd4 exd4 30. Qxd4 h5 31. Qe5 Qh6 32. Rf4 g5 33. Nxh5+ 1-0

[Event "Groningen op"]
[Site "Groningen"]
[Date "1991.??.??"]
[Round "5"]
[White "Hoeksema, Hendrik Pieter"]
[Black "Shneider, Aleksandr"]
[Result "1/2-1/2"]
[WhiteElo "2380"]
[BlackElo "2540"]
[PlyCount "47"]
[EventDate "1991.12.??"]
[Source "ChessBase"]

1. d4 Nf6 2. c4 g6 3. Nc3 Bg7 4. e4 d6 5. f3 O-O 6. Be3 c5 7. Nge2 Nc6 8. Qd2 b6 9. d5 Ne5 10. Ng3 e6 11. Be2 exd5 12. cxd5 a6 13. a4 h5 14. O-O Nh7 15. h3 h4 16. Nh1 f5 17. Nf2 Bd7 18. Rad1 Qf6 19. f4 Nf7 20. Bd3 Rfe8 21. Qe2 Qe7 22. Bxa6 Nf6 23. Bb5 Nh6 24. e5 1/2-1/2

[Event "JUG Team Ch"]
[Site "Cetinje"]
[Date "1991.??.??"]
[Round "1"]
[White "Djukic, Zeljko"]
[Black "Vukic, Milan"]
[Result "1/2-1/2"]
[WhiteElo "2420"]
[BlackElo "2500"]
[PlyCount "47"]
[EventDate "1991.??.??"]
[Source "www.chesslib.no"]
[SourceDate "2004.05.04"]

1. d4 Nf6 2. c4 g6 3. Nc3 Bg7 4. e4 d6 5. f3 O-O 6. Be3 b6 7. Bd3 a6 8. Nge2 c5 9. e5 Ne8 10. Be4 Ra7 11. dxc5 bxc5 12. Bxc5 Rd7 13. Be3 Bb7 14. e6 fxe6 15. Nd4 Bxd4 16. Bxd4 Qa5 17. O-O e5 18. Be3 Nf6 19. Bxb7 Rxb7 20. Qd2 Nc6 21. Rfd1 Nd4 22. Rab1 Nf5 23. Bf2 Kg7 24. b3 1/2-1/2

[Event "Bela Crkva Open"]
[Site "Bela Crkva"]
[Date "1983.??.??"]
[Round "4"]
[White "Petursson, Margeir"]
[Black "Vukic, Milan"]
[Result "1/2-1/2"]
[WhiteElo "2455"]
[BlackElo "2465"]
[PlyCount "31"]
[EventDate "1983.06.??"]
[Source "www.chesslib.no"]
[SourceDate "2004.05.04"]

1. d4 Nf6 2. c4 g6 3. Nc3 Bg7 4. e4 d6 5. f3 O-O 6. Be3 b6 7. Bd3 a6 8. Nge2 c5 9. e5 Ne8 10. Be4 Ra7 11. dxc5 bxc5 12. Bxc5 Rd7 13. Ba3 Bb7 14. Bxb7 Rxb7 15. Qd2 Bxe5 16. O-O 1/2-1/2

[Event "Corr"]
[Site "corr"]
[Date "1987.??.??"]
[Round "?"]
[White "Chapman, Roger"]
[Black "Isaev, A.N."]
[Result "1/2-1/2"]
[WhiteElo "2455"]
[BlackElo "2460"]
[PlyCount "48"]
[EventDate "1987.??.??"]
[Source "www.chesslib.no"]
[SourceDate "2004.05.04"]

1. d4 Nf6 2. c4 g6 3. Nc3 Bg7 4. e4 O-O 5. Be3 d6 6. f3 b6 7. Bd3 a6 8. Nge2 c5 9. e5 Ne8 10. Be4 Ra7 11. dxc5 bxc5 12. Bxc5 Rd7 13. Be3 Bb7 14. e6 fxe6 15. Nd4 Bxd4 16. Bxd4 d5 17. cxd5 exd5 18. Bc2 Nc6 19. O-O Nxd4 20. Qxd4 Ng7 21. Rfe1 e6 22. Rad1 Rdf7 23. Kh1 Qc7 24. Bb1 Rf4 1/2-1/2

[Event "FRG Ch 15th"]
[Site "Bad Neuenahr GER"]
[Date "1978.??.??"]
[Round "9"]
[White "Pachman, Ludek"]
[Black "Ostermeyer, Peter"]
[Result "1-0"]
[WhiteElo "2515"]
[BlackElo "2400"]
[PlyCount "47"]
[EventDate "1978.04.??"]
[Source "www.chesslib.no"]
[SourceDate "2004.05.04"]

1. c4 Nf6 2. Nc3 g6 3. e4 d6 4. d4 Bg7 5. f3 O-O 6. Be3 b6 7. Bd3 Bb7 8. Nh3 c5 9. d5 e6 10. Qd2 exd5 11. cxd5 Re8 12. Nf2 Nbd7 13. O-O a6 14. a4 Rc8 15. Rac1 Qe7 16. Rfe1 h5 17. Qe2 Ra8 18. f4 Nh7 19. Qf3 Qf8 20. e5 dxe5 21. f5 gxf5 22. Bxf5 Ndf6 23. Nfe4 Bh6 24. Bxh7+ 1-0